Tuyển tập nghiên cứu khoa học giáo dục thể chất, sức khỏe trong trường học các cấp Hội nghị khoa học GDTC, sức khỏe ngành giáo dục & đào tạo lần thứ II
v..v
Đã lưu trong:
| Tác giả chính: | |
|---|---|
| Định dạng: | Sách |
| Năm xuất bản: |
H.
Thể dục thể thao
1998
|
| Chủ đề: | |
| Tags: |
Thêm thẻ
Không có thẻ, Hãy là người đầu tiên gắn thẻ bản ghi này!
|
| LEADER | 01374nam a2200205 4500 | ||
|---|---|---|---|
| 082 | |a 796.44 |b T527t | ||
| 100 | |a Nguyễn Kỳ Anh | ||
| 245 | |a Tuyển tập nghiên cứu khoa học giáo dục thể chất, sức khỏe trong trường học các cấp |b Hội nghị khoa học GDTC, sức khỏe ngành giáo dục & đào tạo lần thứ II |c Nguyễn Kỳ Anh, Vũ Đức Thu, Nguyễn Kim Minh | ||
| 260 | |a H. |b Thể dục thể thao |c 1998 | ||
| 300 | |a 278tr. |c 27cm | ||
| 520 | |a v..v | ||
| 653 | |a Giáo dục thể chất | ||
| 653 | |a Sức khỏe | ||
| 653 | |a Nghiên cứu khoa học | ||
| 942 | |2 ddc |c STK0 | ||
| 999 | |c 4031 |d 4031 | ||
| 952 | |0 0 |1 0 |2 ddc |4 0 |6 796_440000000000000_T527T |7 0 |8 700 |9 41219 |a qbu |b qbu |c D5 |d 2014-12-18 |g 56000 |o 796.44 T527t |p 4698.c1 |r 0000-00-00 |w 2014-12-18 |y STK0 |0 0 |6 796_440000000000000_T527T | ||
| 952 | |0 0 |1 0 |2 ddc |4 0 |6 796_440000000000000_T527T |7 0 |8 700 |9 41220 |a qbu |b qbu |c D5 |d 2014-12-18 |g 56000 |o 796.44 T527t |p 4698.c2 |r 0000-00-00 |w 2014-12-18 |y STK0 |0 0 |6 796_440000000000000_T527T | ||
| 952 | |0 0 |1 0 |2 ddc |4 0 |6 796_440000000000000_T527T |7 0 |8 700 |9 41221 |a qbu |b qbu |c D5 |d 2014-12-18 |g 56000 |o 796.44 T527t |p 4698.c3 |r 0000-00-00 |w 2014-12-18 |y STK0 |0 0 |6 796_440000000000000_T527T | ||
| 952 | |0 0 |1 0 |2 ddc |4 0 |6 796_440000000000000_T527T |7 0 |8 700 |9 41222 |a qbu |b qbu |c D5 |d 2014-12-18 |g 56000 |o 796.44 T527t |p 4698.c4 |r 0000-00-00 |w 2014-12-18 |y STK0 |0 0 |6 796_440000000000000_T527T | ||